Czechoslovak economic papers 9

Salvato in:
Dettagli Bibliografici
Natura: Libro
Lingua:ceco
Pubblicazione: Prague Academia 1967
Tags: Aggiungi Tag
Nessun Tag, puoi essere il primo ad aggiungerne!!

MARC

LEADER 00000nam a2200000 4500
001 c122705
005 20041019155226.1
041 0 |a cze 
044 |a CZ 
245 1 0 |a Czechoslovak economic papers 9 
264 1 |a Prague  |b Academia  |c 1967 
300 |a 186 s.